000 01106nam a22003617a 4500
001 BR8402620
003 BR-BrBNA
005 20230928091922.0
007 ta
008 230509b bl.||||| |||| 00| 0 por d
040 _aBR-BrBNA
_bpor
_cBiblioteca Nacional de Agricultura
041 _a(Por)
072 _aE30; E10; E70
_b/G514
090 _ E30 BR8402620
110 1 _aDelegacia Federal de Agricultura de Pernambuco, Recife (Brasil)
_93056
245 1 _aAcompanhamento analitico da execucao dos convenios e ajustes do Ministerio da Agricultura no estado de Pernambuco - primeiro trimestre de 1984 [Brasil]
260 3 _aRecife, PE (Brasil):
_c1984.
300 _a29 p.
650 _aPOLITICA DE DESENVOLVIMENTO
650 _aDESENVOLVIMENTO AGRICOLA
650 _aSEMENTE
650 _aMUDA
650 _aINSPECAO SANITARIA
650 _aCOMERCIALIZACAO
650 _aMELHORAMENTO ANIMAL
650 _aMELHORAMENTO VEGETAL
650 _aCUSTO
650 _aFINANCIAMENTO
650 _aDIRETRIZ
650 _aPERNAMBUCO
909 _a202309
_bLucia
_c55
_dLucia Elande
942 _cBK
999 _c36196
_d36196